Aus der obergerichtlichen Rechtsprechung zum Familienrecht

Saved in:  
Bibliographic Details
Authors: Baum, Marlit (Author) ; Schneckenberger, Luise (Author)
Format: Print Article
Language:German
Published: 2025
In: Praxis der Rechtspsychologie
Year: 2025, Volume: 35, Issue: 1, Pages: 97-102
Check availability: HBZ Gateway

MARC

LEADER 00000naa a2200000 c 4500
001 1937957365
003 DE-627
005 20251008090513.0
007 tu
008 251008s2025 xx ||||| 00| ||ger c
035 |a (DE-627)1937957365 
035 |a (DE-599)KXP1937957365 
040 |a DE-627  |b ger  |c DE-627  |e rda 
041 |a ger 
084 |a 2,1  |2 ssgn 
100 1 |a Baum, Marlit  |e VerfasserIn  |4 aut 
245 1 0 |a Aus der obergerichtlichen Rechtsprechung zum Familienrecht  |c ausgewählt von Marlit Baum und Luise Schneckenberger 
264 1 |c 2025 
336 |a Text  |b txt  |2 rdacontent 
337 |a ohne Hilfsmittel zu benutzen  |b n  |2 rdamedia 
338 |a Band  |b nc  |2 rdacarrier 
700 1 |a Schneckenberger, Luise  |e VerfasserIn  |4 aut 
773 0 8 |i Enthalten in  |t Praxis der Rechtspsychologie  |d Göttingen : Hogrefe, 1993  |g 35(2025), 1 vom: Juni, Seite 97-102  |w (DE-627)171284356  |w (DE-600)1173568-5  |w (DE-576)038732971  |x 0939-9062  |7 nnas 
773 1 8 |g volume:35  |g year:2025  |g number:1  |g month:06  |g pages:97-102 
951 |a AR 
ELC |b 1 
LOK |0 000 xxxxxcx a22 zn 4500 
LOK |0 001 478250568X 
LOK |0 003 DE-627 
LOK |0 004 1937957365 
LOK |0 005 20251008085109 
LOK |0 008 251008||||||||||||||||ger||||||| 
LOK |0 040   |a DE-21-110  |c DE-627  |d DE-21-110 
LOK |0 852   |a DE-21-110 
LOK |0 852 1  |m p  |9 00 
LOK |0 938   |k p 
LOK |0 939   |a 08-10-25  |b l01 
ORI |a SA-MARC-krimdoka001.raw